A hancienda barrio in Central Luzon: case study of a Philippine village (Record no. 476786)

000 -LEADER
fixed length control field 00422cam a22001217a 4500
008 - FIXED-LENGTH DATA ELEMENTS--GENERAL INFORMATION
fixed length control field 180718b1974 xxu||||| |||| 00| 0 eng d
082 ## - DEWEY DECIMAL CLASSIFICATION NUMBER
Classification number B135x914 H615
100 ## - MAIN ENTRY--PERSONAL NAME
Personal name Hiromitsu, Umehara
245 ## - TITLE STATEMENT
Title A hancienda barrio in Central Luzon: case study of a Philippine village
Statement of responsibility, etc. by Umehara Hiromitsu
260 ## - PUBLICATION, DISTRIBUTION, ETC.
Place of publication, distribution, etc. Tokyo
Name of publisher, distributor, etc. Institute of Developming Economics
Date of publication, distribution, etc. 1974
300 ## - PHYSICAL DESCRIPTION
Extent 107p.
650 ## - SUBJECT ADDED ENTRY--TOPICAL TERM
Topical term or geographic name entry element Commuinity Life, rural - Philippine
Holdings
Withdrawn status Lost status Damaged status Not for loan Permanent Location Current Location Date acquired Full call number Barcode Date last seen Price effective from Koha item type
        Indian Institute of Public Administration Indian Institute of Public Administration 2018-08-04 B135x914 H615 GR9206 2018-08-04 2018-08-04 GR

Powered by Koha